书目信息 |
| 题名: |
高等师范数学教育研究
|
|
| 作者: | 郑隆忻 著 | |
| 分册: | ||
| 出版信息: | 武汉 华中科技大学出版社 2001.04 |
|
| 页数: | 316页 | |
| 开本: | 20cm | |
| 丛书名: | ||
| 单 册: | ||
| 中图分类: | O1-42 | |
| 科图分类: | ||
| 主题词: | 数学写作--教育研究 | |
| 电子资源: | ||
| ISBN: | 7-5609-2404-2 | |
| 000 | 00573nam0 2200193 45 | |
| 001 | 0201081665 | |
| 005 | 20031219104052.5 | |
| 010 | @a7-5609-2404-2@dCNY15.00 | |
| 100 | @a20020108d2001 km y0chiy0120 ea | |
| 101 | 0 | @achi |
| 105 | @a z 000yy | |
| 200 | 1 | @a高等师范数学教育研究@AGao Deng Shi Fan Shu Xue Jiao Yu Yan Jiu@f郑隆忻著@FZheng Long Xin Zhu |
| 210 | @a武汉@c华中科技大学出版社@d2001.04 | |
| 215 | @a316页@d20cm | |
| 606 | 0 | @a数学写作@x教育研究 |
| 690 | @aO1-42@v4 | |
| 701 | 0 | @a郑隆忻@4著 |
| 801 | @aCN@bTSTC@c20020108 | |
| 905 | @f10@b303541-550@dO1-42@e211 | |
| 高等师范数学教育研究/郑隆忻著.-武汉:华中科技大学出版社,2001.04 |
| 316页;20cm |
| ISBN 7-5609-2404-2:CNY15.00 |
| ● |
| 相关链接 |
|
|
|
|
正题名:高等师范数学教育研究
索取号:O1-42/211
 
预约/预借
| 序号 | 登录号 | 条形码 | 馆藏地/架位号 | 状态 | 备注 |
| 1 | 0303541 | 203035410 | 第三借阅区/ [索取号:O1-42/211] | 在馆 | |
| 2 | 0303542 | 203035429 | 第三借阅区/ [索取号:O1-42/211] | 在馆 | |
| 3 | 0303543 | 203035438 | 第三借阅区/ [索取号:O1-42/211] | 在馆 | |
| 4 | 0303544 | 203035447 | 第三借阅区/ [索取号:O1-42/211] | 在馆 | |
| 5 | 0303545 | 203035456 | 第三借阅区/ [索取号:O1-42/211] | 在馆 | |
| 6 | 0303546 | 203035465 | 第三借阅区/ [索取号:O1-42/211] | 在馆 | |
| 7 | 0303547 | 203035474 | 第三借阅区/ [索取号:O1-42/211] | 在馆 | |
| 8 | 0303548 | 203035483 | 第三借阅区/ [索取号:O1-42/211] | 在馆 | |
| 9 | 0303549 | 203035492 | 第三借阅区/ [索取号:O1-42/211] | 在馆 | |
| 10 | 0303550 | 203035508 | 第二样本阅览室/ [索取号:O1-42/211] | 在馆 |